Art & money : an irreverent history /

Bibliographic Details
Main Author: Menen, Aubrey
Format: Book
Language:English
Published: New York : McGraw Hill, [1980]
Subjects:

MARC

Tag First Indicator Second Indicator Subfields
LEADER 00000pam a2200000 i 4500
001 in00000097394
005 20150925114835.0
008 790726s1980 nyu 00010 eng
010 |a  79018359  
020 |a 0070414831 :  |c $11.95 
035 |a (OCoLC)05264647 
035 |9 AAL2851AM 
040 |a DLC  |c DLC  |d TXA  |d UtOrBLW 
049 |a TXAM  |c [980762] 
050 0 0 |a N5205  |b .M46 
082 0 |a 338.4/7/7 
100 1 |a Menen, Aubrey. 
245 1 0 |a Art & money :  |b an irreverent history /  |c Aubrey Menen. 
264 1 |a New York :  |b McGraw Hill,  |c [1980] 
264 4 |c ©1980 
300 |a 226 pages ;  |c 21 cm. 
336 |a text  |b txt  |2 rdacontent 
337 |a unmediated  |b n  |2 rdamedia 
338 |a volume  |b nc  |2 rdacarrier 
650 0 |a Art patronage. 
650 0 |a Art  |x Marketing. 
999 |a MARS 
999 f f |s f20a8da6-1adc-3cc2-8fc2-001e2ccba0d5  |i 06eba6d6-c641-30ef-8abc-8ad0e72f5f3a  |t 0 
952 f f |p ric  |a Texas A&M University  |b Rellis Campus  |c Joint Library Facility  |d Remote Storage  |t 0  |e N5205 .M46  |h Library of Congress classification  |i unmediated -- volume  |m A14803381355 
998 f f |a N5205 .M46  |t 0  |l Remote Storage